000 00315nam a22001457a 4500
008 210426b ||||| |||| 00| 0 eng d
020 _a9780205309023
041 _aeng
080 _24th
_a371
082 _a371
100 _a46
101 _aEDU
245 _aThe Elements of Style
_cStrunk,W
942 _2udc
_cBK
999 _c56716
_d56716